书目信息 |
| 题名: |
自恋时段
|
|
| 作者: | 于是 著 | |
| 分册: | ||
| 出版信息: | 海口 南海出版公司 2002.08 |
|
| 页数: | 282页 | |
| 开本: | 20cm | |
| 丛书名: | 城市蓝调小说 | |
| 单 册: | ||
| 中图分类: | I247.7 | |
| 科图分类: | ||
| 主题词: | 短篇小说--duan pian xiao shuo--中国--现代--选集 | |
| 电子资源: | ||
| ISBN: | 7-5442-2084-2 | |
| 000 | 00848nam 2200253 450 | |
| 001 | 012008174875 | |
| 005 | 20080322091412.81 | |
| 010 | @a7-5442-2084-2@dCNY20.00 | |
| 100 | @a20080322d2002 km y0chiy0120 ea | |
| 101 | 0 | @achi |
| 102 | @aCN@b460000 | |
| 105 | @aa z 000ay | |
| 106 | @ar | |
| 200 | 1 | @a自恋时段@Azi lian shi duan@f于是著@Fyu shi zhu |
| 210 | @a海口@c南海出版公司@d2002.08 | |
| 215 | @a282页@c图@d20cm | |
| 225 | 2 | @a城市蓝调小说@Acheng shi lan tiao xiao shuo |
| 330 | @a本书收入“不要爱上写小说的人”、“伪自闭症患者的救赎之夜”、“丑女的诅咒”、“十一个脱水瞬间”、“驼色旅店”等18篇短篇小说。 | |
| 410 | 0 | @12001 @a城市蓝调小说 |
| 606 | 0 | @a短篇小说@Aduan pian xiao shuo@x中国@z现代@j选集 |
| 690 | @aI247.7@v4 | |
| 701 | 0 | @a于是@Ayu shi@4著 |
| 801 | 0 | @aCN@bQSSK@c20080322 |
| 905 | @b20290649-52@dI247.7@eY722@f4 | |
| 自恋时段/于是著.-海口:南海出版公司,2002.08 |
| 282页:图;20cm.-(城市蓝调小说) |
| ISBN 7-5442-2084-2:CNY20.00 |
| 本书收入“不要爱上写小说的人”、“伪自闭症患者的救赎之夜”、“丑女的诅咒”、“十一个脱水瞬间”、“驼色旅店”等18篇短篇小说。 |
| ● |
| 相关链接 |
|
|
|
正题名:自恋时段
索取号:I247.7/Y722
 
预约/预借
| 序号 | 登录号 | 条形码 | 馆藏地/架位号 | 状态 | 备注 |
| 1 | 290649 | 202906490 | 文学库108/108文学库 62排1列5层/ [索取号:I247.7/Y722] | 在馆 | |
| 2 | 290650 | 202906506 | 文学库108/108文学库 62排1列5层/ [索取号:I247.7/Y722] | 在馆 | |
| 3 | 290651 | 202906515 | 文学库108/108文学库 62排1列5层/ [索取号:I247.7/Y722] | 在馆 | |
| 4 | 290652 | 202906524 | 文学库108/108文学库 62排1列5层/ [索取号:I247.7/Y722] | 在馆 |